Bienestar docente y pensamiento emocional. (Record no. 209952)

MARC details
000 -CABECERA
campo de control de longitud fija 00779cam a22002537a 4500
003 - IDENTIFICADOR DEL NÚMERO DE CONTROL
campo de control MX-MxUPN
005 - FECHA Y HORA DE LA ÚLTIMA TRANSACCIÓN
campo de control 20260326145702.0
008 - ELEMENTOS DE LONGITUD FIJA--INFORMACIÓN GENERAL
campo de control de longitud fija 230804s2008 sp|d|||fr|||| 000 0 spa d
020 ## - NÚMERO INTERNACIONAL NORMALIZADO PARA LIBROS
Número Internacional Estándar del Libro 9788471978950
040 ## - FUENTE DE LA CATALOGACIÓN
Centro catalogador/agencia de origen MX-MxUPN
Lengua de catalogación spa
050 #4 - SIGNATURA TOPOGRÁFICA DE LA BIBLIOTECA DEL CONGRESO
Número de clasificación LB2840
Número de documento/Ítem H84 2008
100 1# - ASIENTO PRINCIPAL--NOMBRE PERSONAL
9 (RLIN) 49836
Nombre de persona Hué García, Carlos
245 10 - MENCIÓN DE TÍTULO
Título Bienestar docente y pensamiento emocional.
250 ## - MENCIÓN DE EDICIÓN
Mención de edición Primera edición.
260 ## - PUBLICACIÓN, DISTRIBUCIÓN, ETC.
Lugar de publicación, distribución, etc. Madrid :
Nombre del editor, distribuidor, etc. Wolters Kluwer,
Fecha de publicación, distribución, etc. 2008.
300 ## - DESCRIPCIÓN FÍSICA
Extensión 443 páginas :
Otras características físicas gráficos
490 0# - MENCIÓN DE SERIE
Mención de serie Educación emocional y en valores
650 #0 - ASIENTO SECUNDARIO DE MATERIA - TERMINO TEMATICO
Término de materia o nombre geográfico como elemento de entrada Maestros
Subdivisión general Psicología
9 (RLIN) 839
650 #2 - ASIENTO SECUNDARIO DE MATERIA - TERMINO TEMATICO
9 (RLIN) 21516
Término de materia o nombre geográfico como elemento de entrada Bienestar personal
650 #4 - ASIENTO SECUNDARIO DE MATERIA - TERMINO TEMATICO
9 (RLIN) 11882
Término de materia o nombre geográfico como elemento de entrada Educación emocional
902 ## - ELEMENTOS DE DATOS B LOCAL, LDB (RLIN)
Creó MarisolGarcía/040823
Modificó VíctorGodínez/230823
942 ## - ELEMENTOS DE PUNTO DE ACCESO ADICIONAL (KOHA)
Fuente del sistema de clasificación o colocación Library of Congress Classification
Tipo de ítem Koha Libro
Suprimir en OPAC No
Holdings
Estado de retiro Estado de pérdida Fuente del sistema de clasificación o colocación Estado dañado No para préstamo Código de colección Localización permanente Ubicación/localización actual Ubicación en estantería Fecha de adquisición Total de préstamos Clasificación Código de barras En préstamo Fecha visto por última vez Fecha del último préstamo Tipo de ítem Koha
    Library of Congress Classification     Colección General Bib. Gregorio Torres Quintero Bib. Gregorio Torres Quintero Planta baja 04/08/2023 1 LB2840 H84 2008 336866 02/05/2026 17/04/2026 17/04/2026 Libro